[Event "6.Torneo de Promoción Almansa B 2011"]
[Site "Almansa (Albacete)"]
[Date "2011.08.10"]
[Round "2.12"]
[White "Trabazos Gallego, Javier"]
[Black "Castro Serrano, Oscar"]
[Result "1-0"]
[WhiteElo "1932"]
[BlackElo "1736"]
[PlyCount "82"]
[EventDate "2011.08.09"]
[EventType "swiss"]
[EventRounds "9"]
[EventCountry "ESP"]
[Source "lmi"]
[SourceDate "2011.08.09"]

1. d4 Nf6 2. Nf3 d5 3. Bf4 e6 4. e3 c5 5. c3 Qb6 6. Qc2 cxd4 7. exd4 Nc6 8.
Nbd2 Bd7 9. Ne5 Rc8 10. Nxd7 Nxd7 11. Qb3 Be7 12. Nf3 O-O 13. Bd3 Na5 14. Qc2
Nf6 15. Ne5 Nc4 16. Rb1 Qa5 17. O-O b5 18. Bg5 h6 19. Bh4 Nd6 20. a3 Nc4 21.
Qe2 Rc7 22. Bxf6 Bxf6 23. Ng4 Be7 24. f4 Qb6 25. Rf3 f5 26. Ne5 a5 27. Re1 Nxe5
28. Qxe5 Rc6 29. Qe2 b4 30. axb4 axb4 31. Bc2 Bf6 32. Re3 bxc3 33. bxc3 Rfc8
34. Rb1 Qa7 35. Rxe6 Bxd4+ 36. Kh1 Qd7 37. Bxf5 Rxc3 38. Re1 Qf7 39. Bg6 Qf8
40. Re8 Rxe8 41. Qxe8 Bf2 1-0

[Event "6.Torneo de Promoción Almansa B 2011"]
[Site "Almansa (Albacete)"]
[Date "2011.08.10"]
[Round "2.13"]
[White "Juberias Guillen, Paloma"]
[Black "Diaz Rios, Ignacio Jose"]
[Result "0-1"]
[WhiteElo "1738"]
[BlackElo "1930"]
[PlyCount "110"]
[EventDate "2011.08.09"]
[EventType "swiss"]
[EventRounds "9"]
[EventCountry "ESP"]
[Source "lmi"]
[SourceDate "2011.08.09"]

1. d4 Nf6 2. c4 g6 3. Nc3 Bg7 4. e4 d6 5. f3 O-O 6. Be3 Na6 7. Qd2 c5 8. d5 Bd7
9. Nge2 Nc7 10. O-O-O b5 11. cxb5 Nxb5 12. g4 Qb6 13. Bh6 Rab8 14. Bxg7 Kxg7
15. h4 h5 16. gxh5 Nxh5 17. Nxb5 Bxb5 18. Rg1 Bxe2 19. Bxe2 Qb4 20. a3 Qxd2+
21. Rxd2 Rh8 22. Bc4 Rh6 23. Re1 Nf4 24. Rh2 Rbh8 25. Reh1 g5 26. Rg1 f6 27.
Rc2 Rxh4 28. Rc3 Rb8 29. b3 Rh2 30. Re3 Ra2 31. Kb1 Rxa3 32. Kb2 Ra4 33. Rc3
Ng6 34. Be2 Rd4 35. Kc2 Rh8 36. Rd3 Rb4 37. Bd1 Rh2+ 38. Kc3 Ne5 39. Re3 Ng6
40. Rd3 Kf8 41. Rd2 Rh3 42. Ra2 Rb7 43. Be2 Ne5 44. Rf1 g4 45. Ba6 Rc7 46. Bd3
gxf3 47. Raf2 Rb7 48. Bc2 Rb4 49. Kd2 Kf7 50. Ra1 Ng4 51. Rff1 Rh2+ 52. Kc3 Ne3
53. Rfc1 Rxc2+ 54. Rxc2 Nxc2 55. Kxc2 Rxe4 0-1

[Event "6.Torneo de Promoción Almansa B 2011"]
[Site "Almansa (Albacete)"]
[Date "2011.08.10"]
[Round "2.14"]
[White "Ribera Cebolla, Marc"]
[Black "Castillo Pla, Emilio"]
[Result "0-1"]
[WhiteElo "1726"]
[BlackElo "1918"]
[PlyCount "60"]
[EventDate "2011.08.09"]
[EventType "swiss"]
[EventRounds "9"]
[EventCountry "ESP"]
[Source "lmi"]
[SourceDate "2011.08.09"]

1. e4 g6 2. d4 Bg7 3. Nc3 d6 4. f4 Na6 5. a3 c5 6. d5 Nc7 7. Nf3 Nf6 8. Bd3 O-O
9. O-O a6 10. a4 b6 11. Qe1 Rb8 12. Qh4 b5 13. axb5 axb5 14. f5 c4 15. Be2 Bd7
16. fxg6 hxg6 17. Ng5 Re8 18. Rxf6 exf6 19. Qh7+ Kf8 20. Nf3 b4 21. Bh6 Bxh6
22. Qxh6+ Kg8 23. Nh4 Qe7 24. Nd1 Qxe4 25. Bf1 Qd4+ 26. Nf2 Qe3 27. Qxe3 Rxe3
28. Bxc4 Rbe8 29. Nh3 Ra8 30. Rd1 Kg7 0-1

[Event "6.Torneo de Promoción Almansa B 2011"]
[Site "Almansa (Albacete)"]
[Date "2011.08.10"]
[Round "2.15"]
[White "Gomez Salinas, Nestor"]
[Black "Gonzalez Del Valls, Javier"]
[Result "1/2-1/2"]
[WhiteElo "1912"]
[BlackElo "1726"]
[PlyCount "103"]
[EventDate "2011.08.09"]
[EventType "swiss"]
[EventRounds "9"]
[EventCountry "ESP"]
[Source "lmi"]
[SourceDate "2011.08.09"]

1. e4 c5 2. Nf3 d6 3. d4 cxd4 4. Nxd4 Nf6 5. Nc3 a6 6. f3 e6 7. Be3 b5 8. Qd2
Nbd7 9. g4 h6 10. h4 Bb7 11. a3 d5 12. exd5 Nxd5 13. Ne4 Nxe3 14. Qxe3 Qa5+ 15.
c3 Rc8 16. Rd1 Qb6 17. Qe2 Nc5 18. Nxc5 Bxc5 19. Qe5 O-O 20. Be2 Qc7 21. Qxc7
Rxc7 22. Nb3 Be7 23. Kf2 Rd8 24. Kg3 Rcd7 25. Na5 Bd5 26. c4 bxc4 27. Nxc4 Bxc4
28. Rxd7 Rxd7 29. Bxc4 a5 30. Re1 Rb7 31. Re2 Bf6 32. b3 Be7 33. Ra2 Rd7 34. h5
Rd1 35. Kg2 Bc5 36. Be2 Rd8 37. Kg3 Kf8 38. f4 Ke7 39. g5 Bd6 40. Kg4 Bc5 41.
Bc4 Rd4 42. a4 Bb4 43. Re2 Bd2 44. g6 f5+ 45. Kh3 Bxf4 46. Rxe6+ Kd7 47. Ra6
Bc7 48. Be6+ Ke7 49. Bxf5 Rd6 50. Ra8 Rc6 51. Rg8 Be5 52. Ra8 1/2-1/2

[Event "6.Torneo de Promoción Almansa B 2011"]
[Site "Almansa (Albacete)"]
[Date "2011.08.10"]
[Round "3.1"]
[White "Perez Garcia, Jose Miguel"]
[Black "Moreno Brocalero, Jorge"]
[Result "1/2-1/2"]
[WhiteElo "1996"]
[BlackElo "1886"]
[PlyCount "92"]
[EventDate "2011.08.09"]
[EventType "swiss"]
[EventRounds "9"]
[EventCountry "ESP"]
[Source "lmi"]
[SourceDate "2011.08.09"]

1. d4 d5 2. Nf3 Nf6 3. g3 g6 4. Bg2 Bg7 5. O-O a6 6. c4 c6 7. Ne5 O-O 8. Nc3 e6
9. b3 Nfd7 10. Nxd7 Nxd7 11. Bb2 Re8 12. e4 dxc4 13. bxc4 Nb6 14. Qb3 Bxd4 15.
Rfd1 c5 16. Ne2 e5 17. Nc3 Bg4 18. Rd2 Rb8 19. a4 a5 20. Nd5 Na8 21. Bc3 Be6
22. Rc1 b6 23. Qb5 Bd7 24. Qxd7 Qxd7 25. Nf6+ Kg7 26. Nxd7 Rb7 27. Bh3 Re7 28.
Kg2 g5 29. Bf5 Nc7 30. Bxd4 exd4 31. f4 gxf4 32. gxf4 Ne6 33. Bxe6 Rxe6 34. Ne5
f6 35. Nd3 Rxe4 36. Kf2 Rbe7 37. Rg1+ Kf7 38. Rb1 R7e6 39. Rg1 Re3 40. Rg3 h5
41. Rf3 R6e4 42. Rg3 h4 43. Rg4 Rh3 44. Kg2 Ree3 45. Nf2 Rhf3 46. Rxh4 Rb3
1/2-1/2

[Event "6.Torneo de Promoción Almansa B 2011"]
[Site "Almansa (Albacete)"]
[Date "2011.08.10"]
[Round "3.2"]
[White "Triay Moll, Liberto"]
[Black "Talavera Garcia, Santiago"]
[Result "1-0"]
[WhiteElo "1882"]
[BlackElo "1986"]
[PlyCount "23"]
[EventDate "2011.08.09"]
[EventType "swiss"]
[EventRounds "9"]
[EventCountry "ESP"]
[Source "lmi"]
[SourceDate "2011.08.09"]

1. Nf3 d5 2. g3 e6 3. Bg2 Bd6 4. O-O Nd7 5. d3 c6 6. Nbd2 f5 7. e4 Nh6 8. Nd4
Qf6 9. Nxe6 Qxe6 10. exd5 Qf6 11. Re1+ Kf8 12. Re6 1-0

[Event "6.Torneo de Promoción Almansa B 2011"]
[Site "Almansa (Albacete)"]
[Date "2011.08.10"]
[Round "3.3"]
[White "Sanchez Sanchez, Alberto"]
[Black "Navarro Molina, Carmelo Jose"]
[Result "0-1"]
[WhiteElo "1983"]
[BlackElo "1864"]
[PlyCount "86"]
[EventDate "2011.08.09"]
[EventType "swiss"]
[EventRounds "9"]
[EventCountry "ESP"]
[Source "lmi"]
[SourceDate "2011.08.09"]

1. e4 c5 2. c3 b6 3. d4 Bb7 4. Bd3 cxd4 5. cxd4 Nf6 6. Nc3 Nc6 7. Nf3 e6 8. O-O
d6 9. Bg5 Be7 10. Rc1 O-O 11. a3 Rc8 12. e5 dxe5 13. dxe5 Nd7 14. Bxe7 Qxe7 15.
Re1 Rfd8 16. b4 Nf8 17. Qe2 Nd4 18. Nxd4 Rxd4 19. Nb5 Rxc1 20. Rxc1 Qg5 21. f4
Rxf4 22. g3 Re4 23. Bxe4 Qxc1+ 24. Kf2 Bxe4 25. Qxe4 a6 26. Nd6 Qxa3 27. Qb7
Qb2+ 28. Kf1 Qc1+ 29. Kg2 Qd2+ 30. Kh3 Qh6+ 31. Kg2 Qd2+ 32. Kh3 Qf2 33. Qxa6
h5 34. Nc8 g5 35. Ne7+ Kg7 36. Qd3 Ng6 37. Nxg6 fxg6 38. g4 hxg4+ 39. Kxg4 Qf4+
40. Kh3 Qf5+ 41. Qxf5 gxf5 42. Kg3 Kg6 43. h4 g4 0-1

[Event "6.Torneo de Promoción Almansa B 2011"]
[Site "Almansa (Albacete)"]
[Date "2011.08.10"]
[Round "3.4"]
[White "Lopez Gil, Diego"]
[Black "Martinez Hernandez, Javier"]
[Result "0-1"]
[WhiteElo "1862"]
[BlackElo "1972"]
[PlyCount "76"]
[EventDate "2011.08.09"]
[EventType "swiss"]
[EventRounds "9"]
[EventCountry "ESP"]
[Source "lmi"]
[SourceDate "2011.08.09"]

1. Nf3 Nf6 2. c4 g6 3. g3 Bg7 4. Bg2 O-O 5. Nc3 d6 6. O-O e5 7. d3 Nc6 8. h3 h6
9. e4 Be6 10. Nd5 Bxd5 11. cxd5 Ne7 12. g4 Nd7 13. g5 h5 14. d4 c6 15. dxe5
dxe5 16. dxc6 Nxc6 17. Be3 Nb6 18. Qxd8 Rfxd8 19. Rad1 Nc4 20. Bc1 Rac8 21.
Rxd8+ Rxd8 22. b3 Nd6 23. Nd2 Nd4 24. Kh1 Rc8 25. Ba3 Rc2 26. Bxd6 Rxd2 27. Bc5
Rxa2 28. Bxd4 exd4 29. Bf3 Rb2 30. Bd1 d3 31. Kg2 Bd4 32. Kg3 b5 33. f4 h4+ 34.
Kxh4 Rg2 35. f5 Bf2+ 36. Rxf2 Rxf2 37. Kg3 Rf1 38. Bf3 d2 0-1

[Event "6.Torneo de Promoción Almansa B 2011"]
[Site "Almansa (Albacete)"]
[Date "2011.08.10"]
[Round "3.5"]
[White "Alcaraz Cordoba, Sergio"]
[Black "Marco Catala, Juan Bautista"]
[Result "1-0"]
[WhiteElo "1959"]
[BlackElo "1812"]
[PlyCount "65"]
[EventDate "2011.08.09"]
[EventType "swiss"]
[EventRounds "9"]
[EventCountry "ESP"]
[Source "lmi"]
[SourceDate "2011.08.09"]

1. e4 d6 2. d4 Nf6 3. Nc3 g6 4. f4 Bg7 5. Nf3 c5 6. d5 O-O 7. Be2 Bg4 8. a4 a5
9. Be3 Na6 10. O-O Nb4 11. h3 Bxf3 12. Bxf3 Nd7 13. Qd2 Ra6 14. Rae1 Rb6 15.
Nb5 Na6 16. b3 Nc7 17. Qxa5 Na8 18. g4 Qb8 19. g5 Ra6 20. Qd2 Nc7 21. Be2 Ra8
22. Rf2 b6 23. Ref1 Qc8 24. Nxc7 Qxc7 25. h4 Ra7 26. h5 Qd8 27. hxg6 hxg6 28.
Rh2 Re8 29. Kg2 Nf8 30. f5 Be5 31. Bf4 f6 32. Bb5 Rc7 33. Rfh1 1-0

[Event "6.Torneo de Promoción Almansa B 2011"]
[Site "Almansa (Albacete)"]
[Date "2011.08.10"]
[Round "3.6"]
[White "Rebelles Caceres, Jose Antonio"]
[Black "Gonzalez Lopez, Julian"]
[Result "0-1"]
[WhiteElo "1837"]
[BlackElo "1948"]
[PlyCount "66"]
[EventDate "2011.08.09"]
[EventType "swiss"]
[EventRounds "9"]
[EventCountry "ESP"]
[Source "lmi"]
[SourceDate "2011.08.09"]

1. e4 c6 2. d4 d5 3. e5 Bf5 4. h4 h6 5. g4 Bh7 6. Nf3 e6 7. Nc3 Qb6 8. a4 Bb4
9. Be2 c5 10. Kf1 Nc6 11. Nb5 cxd4 12. Nbxd4 Bc5 13. c3 Nge7 14. Bb5 Be4 15. a5
Qc7 16. Rh3 a6 17. Ba4 O-O-O 18. b4 Bxd4 19. cxd4 Nxb4 20. Ne1 Kb8 21. Kg1 Nec6
22. Bd2 Rc8 23. Rb3 Qe7 24. f3 Bc2 25. Bxb4 Nxb4 26. Nxc2 Nxc2 27. Rab1 Rc7 28.
Bc6 Rxc6 29. R1b2 Rhc8 30. Qb1 R8c7 31. Qd1 Qxh4 32. Qe2 Nxd4 33. Kg2 Nxe2 0-1

[Event "6.Torneo de Promoción Almansa B 2011"]
[Site "Almansa (Albacete)"]
[Date "2011.08.10"]
[Round "3.7"]
[White "Montiel Miguelez, Manuel"]
[Black "Moreno Brocalero, Edgar"]
[Result "1-0"]
[WhiteElo "1937"]
[BlackElo "1794"]
[PlyCount "135"]
[EventDate "2011.08.09"]
[EventType "swiss"]
[EventRounds "9"]
[EventCountry "ESP"]
[Source "lmi"]
[SourceDate "2011.08.09"]

1. e4 Nf6 2. e5 Nd5 3. d4 d6 4. c4 Nb6 5. f4 g6 6. Be2 Bg7 7. Be3 O-O 8. Nf3 c6
9. O-O f6 10. Nc3 Bg4 11. Qb3 Qd7 12. Rad1 d5 13. cxd5 cxd5 14. Bb5 Nc6 15. h3
Bxf3 16. Rxf3 e6 17. Na4 Nxa4 18. Qxa4 Rfc8 19. Bf2 a6 20. Be2 Nxe5 21. Qxd7
Nxd7 22. Rb3 Rc7 23. Be1 b6 24. Bb4 Rc6 25. Ra3 a5 26. Bb5 Rc7 27. Bd6 Rca7 28.
Rc1 f5 29. Be5 Bxe5 30. fxe5 Kf7 31. Rac3 Rb8 32. Rc6 Rbb7 33. Rd6 Nb8 34. Rc8
a4 35. Rdd8 Na6 36. Rf8+ Kg7 37. Rf6 Re7 38. Rc6 Nc7 39. Rxb6 Ra5 40. Bd3 Ra8
41. Bc2 a3 42. bxa3 Rxa3 43. Bb3 Ra6 44. Rxa6 Nxa6 45. Kf2 Nc7 46. Ba4 Na8 47.
Ke3 Nb6 48. Bb5 Na8 49. Kd3 Ra7 50. a4 Nb6 51. Rxe6 Nxa4 52. Rd6 Nb2+ 53. Kc2
Nc4 54. Bxc4 dxc4 55. e6 Ra2+ 56. Kc3 Rxg2 57. Rd7+ Kf6 58. d5 Re2 59. Rf7+ Ke5
60. Kxc4 Rc2+ 61. Kd3 Rc8 62. Rd7 f4 63. e7 Re8 64. d6 Ke6 65. Rd8 Kf7 66. Ke4
g5 67. Kf3 h6 68. h4 1-0

[Event "6.Torneo de Promoción Almansa B 2011"]
[Site "Almansa (Albacete)"]
[Date "2011.08.10"]
[Round "3.8"]
[White "Fernandez Cano, Victor"]
[Black "Trabazos Gallego, Javier"]
[Result "1-0"]
[WhiteElo "1766"]
[BlackElo "1932"]
[PlyCount "111"]
[EventDate "2011.08.09"]
[EventType "swiss"]
[EventRounds "9"]
[EventCountry "ESP"]
[Source "lmi"]
[SourceDate "2011.08.09"]

1. Nf3 d5 2. d4 Bf5 3. Bf4 Nf6 4. e3 e6 5. Bd3 Bxd3 6. cxd3 c5 7. Qb3 Qc8 8.
O-O Nc6 9. dxc5 Bxc5 10. h3 Qd7 11. Nc3 O-O 12. Rac1 Be7 13. Ne5 Nxe5 14. Bxe5
Rac8 15. e4 a6 16. Bxf6 Bxf6 17. exd5 Bxc3 18. dxe6 Qxe6 19. Qxe6 fxe6 20. Rxc3
Rxc3 21. bxc3 Rd8 22. Rd1 Kf7 23. f3 Kf6 24. Kf2 Rd5 25. Rd2 Rc5 26. Rc2 h5 27.
h4 Rd5 28. Ke3 Re5+ 29. Kf2 Rd5 30. Ke3 Re5+ 31. Kd4 Rf5 32. Re2 Rd5+ 33. Ke3
Re5+ 34. Kf2 Rc5 35. c4 b5 36. Rc2 Kf5 37. g3 e5 38. Ke3 g6 39. d4 exd4+ 40.
Kxd4 Rc8 41. Rc3 bxc4 42. Rxc4 Rd8+ 43. Kc3 Rd6 44. Kb4 Rb6+ 45. Ka5 Rd6 46. a4
Ke5 47. Rb4 Rd3 48. Kxa6 Rxf3 49. Rb5+ Ke6 50. Rb6+ Kf5 51. Kb7 Rxg3 52. a5 Kg4
53. Rb4+ Kf5 54. a6 Ra3 55. a7 Ra5 56. a8=Q 1-0

[Event "6.Torneo de Promoción Almansa B 2011"]
[Site "Almansa (Albacete)"]
[Date "2011.08.10"]
[Round "3.9"]
[White "Diaz Rios, Ignacio Jose"]
[Black "Nieves Cabanes, Jose Manuel"]
[Result "1-0"]
[WhiteElo "1930"]
[BlackElo "1722"]
[PlyCount "57"]
[EventDate "2011.08.09"]
[EventType "swiss"]
[EventRounds "9"]
[EventCountry "ESP"]
[Source "lmi"]
[SourceDate "2011.08.09"]

1. d4 d5 2. c4 c6 3. Nf3 Nf6 4. Bf4 Bf5 5. e3 e6 6. h3 Nbd7 7. Be2 Be7 8. O-O
O-O 9. Nc3 Ne4 10. Nxe4 Bxe4 11. cxd5 cxd5 12. Rc1 Qb6 13. Rc7 Rfd8 14. Qa4
Qxb2 15. Rxd7 Qxe2 16. Rxe7 Bxf3 17. gxf3 b5 18. Qa5 a6 19. Qc7 Rf8 20. Qb7
Qxf3 21. Kh2 Qe2 22. Rg1 Qxf2+ 23. Rg2 Qh4 24. Rxf7 Rxf7 25. Qxa8+ Rf8 26. Qb7
Rf7 27. Qc8+ Rf8 28. Qxe6+ Kh8 29. Be5 1-0

[Event "6.Torneo de Promoción Almansa B 2011"]
[Site "Almansa (Albacete)"]
[Date "2011.08.10"]
[Round "3.10"]
[White "Castillo Pla, Emilio"]
[Black "Raimundo Medina, Fermin"]
[Result "1-0"]
[WhiteElo "1918"]
[BlackElo "1693"]
[PlyCount "73"]
[EventDate "2011.08.09"]
[EventType "swiss"]
[EventRounds "9"]
[EventCountry "ESP"]
[Source "lmi"]
[SourceDate "2011.08.09"]

1. e4 c6 2. d3 d5 3. Nd2 e5 4. Ngf3 Bg4 5. h3 Bxf3 6. Qxf3 Nf6 7. g3 Bb4 8. c3
Ba5 9. b4 Bc7 10. Rb1 b5 11. Bg2 a5 12. a3 axb4 13. cxb4 O-O 14. O-O Nbd7 15.
Nb3 d4 16. Qe2 Bd6 17. Bb2 Nb6 18. Na5 Qc7 19. Rbc1 c5 20. bxc5 Bxc5 21. Nb3
Nfd7 22. Rc2 Qd6 23. Nxc5 Nxc5 24. f4 f6 25. Rf3 Nba4 26. Qd1 Nxb2 27. Rxb2 Qa6
28. Qb1 Na4 29. Rxb5 Nc3 30. Qb3+ Kh8 31. Rb6 Qxa3 32. Qxa3 Rxa3 33. fxe5 Ra1+
34. Kh2 Rfa8 35. Re6 Kg8 36. exf6 Rd1 37. f7+ 1-0

[Event "6.Torneo de Promoción Almansa B 2011"]
[Site "Almansa (Albacete)"]
[Date "2011.08.10"]
[Round "3.11"]
[White "Bernabeu Lopez, Carlos Javier"]
[Black "Ontanon Gomez, Jesus"]
[Result "1/2-1/2"]
[WhiteElo "1760"]
[BlackElo "1892"]
[PlyCount "89"]
[EventDate "2011.08.09"]
[EventType "swiss"]
[EventRounds "9"]
[EventCountry "ESP"]
[Source "lmi"]
[SourceDate "2011.08.09"]

1. e4 c5 2. Nf3 d6 3. d4 cxd4 4. Nxd4 Nf6 5. Nc3 g6 6. Be3 Bg7 7. Qd2 O-O 8. f3
Nc6 9. Be2 Nxd4 10. Bxd4 Be6 11. O-O Qa5 12. Rfd1 Rfc8 13. Bd3 Bc4 14. Ne2 Qxd2
15. Rxd2 a6 16. Nc3 Bxd3 17. cxd3 e6 18. Kf2 Rc6 19. Ne2 Rac8 20. Bc3 Nd7 21.
Ke1 Nc5 22. Bxg7 Kxg7 23. Nd4 R6c7 24. b3 b5 25. Kd1 Nd7 26. Rc2 Rxc2 27. Nxc2
Nb6 28. Ne3 Kf6 29. Rc1 Rxc1+ 30. Kxc1 d5 31. d4 h5 32. Kd2 Ke7 33. Nc2 Kd6 34.
Ne1 e5 35. Ke3 exd4+ 36. Kxd4 dxe4 37. fxe4 Nd7 38. Nd3 f6 39. Nf4 Ne5 40. h3
a5 41. Nd5 Nc6+ 42. Ke3 Ke5 43. Nf4 g5 44. Nd3+ Kd6 45. a3 1/2-1/2

[Event "6.Torneo de Promoción Almansa B 2011"]
[Site "Almansa (Albacete)"]
[Date "2011.08.10"]
[Round "3.13"]
[White "Garcia Ruano, Juan Carlos"]
[Black "Padilla Mendez, Vicente"]
[Result "1-0"]
[WhiteElo "1965"]
[BlackElo "1785"]
[PlyCount "55"]
[EventDate "2011.08.09"]
[EventType "swiss"]
[EventRounds "9"]
[EventCountry "ESP"]
[Source "lmi"]
[SourceDate "2011.08.09"]

1. e4 c5 2. Nf3 e6 3. d4 cxd4 4. Nxd4 a6 5. Be3 Nf6 6. Bd3 d5 7. Nd2 Nc6 8.
Nxc6 bxc6 9. O-O Be7 10. e5 Nd7 11. f4 Bc5 12. Qe2 Qe7 13. Nb3 Bxe3+ 14. Qxe3
a5 15. Rae1 O-O 16. f5 exf5 17. Bxf5 Re8 18. e6 Nf6 19. exf7+ Qxf7 20. Qh3 Rxe1
21. Rxe1 Bxf5 22. Qxf5 Qa7+ 23. Kh1 Ne4 24. Rf1 h6 25. c3 Re8 26. Nd4 Qb7 27.
Qg6 c5 28. Qxe8+ 1-0

[Event "6.Torneo de Promoción Almansa B 2011"]
[Site "Almansa (Albacete)"]
[Date "2011.08.10"]
[Round "3.14"]
[White "Fernandez-Gallardo Romero, Alva"]
[Black "Gomez Salinas, Nestor"]
[Result "0-1"]
[WhiteElo "1760"]
[BlackElo "1912"]
[PlyCount "58"]
[EventDate "2011.08.09"]
[EventType "swiss"]
[EventRounds "9"]
[EventCountry "ESP"]
[Source "lmi"]
[SourceDate "2011.08.09"]

1. e4 c5 2. Nf3 d6 3. d4 cxd4 4. Nxd4 Nf6 5. Nc3 a6 6. Be2 e6 7. Be3 Be7 8. O-O
O-O 9. f4 Qc7 10. Qe1 b5 11. a3 Bb7 12. Bf3 Nbd7 13. Qg3 Rfd8 14. Rad1 Nc5 15.
e5 dxe5 16. fxe5 Nd5 17. Bh6 Bf8 18. Nxd5 Bxd5 19. Bh5 Ne4 20. Qf4 Rd7 21. Bg5
h6 22. Bxf7+ Rxf7 23. Qxf7+ Qxf7 24. Rxf7 Kxf7 25. Be3 g5 26. Rf1+ Kg6 27. g4
Bg7 28. Nf3 Bc4 29. Rd1 Be2 0-1

[Event "6.Torneo de Promoción Almansa B 2011"]
[Site "Almansa (Albacete)"]
[Date "2011.08.10"]
[Round "3.15"]
[White "Martin Lozano, Alvaro"]
[Black "Borja Rosagro, Jaime"]
[Result "1-0"]
[WhiteElo "1907"]
[BlackElo "1722"]
[PlyCount "33"]
[EventDate "2011.08.09"]
[EventType "swiss"]
[EventRounds "9"]
[EventCountry "ESP"]
[Source "lmi"]
[SourceDate "2011.08.09"]

1. e4 c5 2. c4 d6 3. Nc3 Nf6 4. g3 g6 5. Bg2 Bg7 6. Nge2 Nc6 7. d3 e5 8. O-O
O-O 9. f4 Nd4 10. fxe5 dxe5 11. h3 Be6 12. Nd5 Nd7 13. Nec3 Nb6 14. Be3 Rc8 15.
Qd2 Qd7 16. Kh2 Nxd5 17. cxd5 1-0

[Event "6.Torneo de Promoción Almansa B 2011"]
[Site "Almansa (Albacete)"]
[Date "2011.08.11"]
[Round "4.1"]
[White "Martinez Hernandez, Javier"]
[Black "Diaz Rios, Ignacio Jose"]
[Result "1/2-1/2"]
[WhiteElo "1972"]
[BlackElo "1930"]
[PlyCount "57"]
[EventDate "2011.08.09"]
[EventType "swiss"]
[EventRounds "9"]
[EventCountry "ESP"]
[Source "lmi"]
[SourceDate "2011.08.09"]

1. e4 c5 2. d3 e6 3. Nf3 d5 4. Nbd2 Nc6 5. g3 g6 6. Bg2 Bg7 7. O-O Nge7 8. Re1
O-O 9. a4 Rb8 10. c3 d4 11. c4 a6 12. Qe2 e5 13. h3 b5 14. axb5 axb5 15. cxb5
Rxb5 16. Nc4 Be6 17. Nfd2 Na5 18. Na3 Rb8 19. f4 Qc7 20. Rf1 Rfc8 21. Nac4 Nxc4
22. Nxc4 Bxc4 23. dxc4 Qd7 24. f5 f6 25. Qd3 Rb6 26. g4 g5 27. h4 h6 28. hxg5
hxg5 29. Qa3 1/2-1/2

[Event "6.Torneo de Promoción Almansa B 2011"]
[Site "Almansa (Albacete)"]
[Date "2011.08.11"]
[Round "4.2"]
[White "Alcaraz Cordoba, Sergio"]
[Black "Triay Moll, Liberto"]
[Result "1-0"]
[WhiteElo "1959"]
[BlackElo "1882"]
[PlyCount "51"]
[EventDate "2011.08.09"]
[EventType "swiss"]
[EventRounds "9"]
[EventCountry "ESP"]
[Source "lmi"]
[SourceDate "2011.08.09"]

1. e4 e5 2. Nf3 f5 3. d4 fxe4 4. Nxe5 Nf6 5. Be2 Nc6 6. Nxc6 dxc6 7. Bg5 h6 8.
Bh5+ Ke7 9. Bxf6+ gxf6 10. Nc3 Bf5 11. Qd2 Qd6 12. O-O-O Rd8 13. Rhe1 Qxh2 14.
Nxe4 Kd7 15. Ng3 Be6 16. Qe3 Kc8 17. Qxe6+ Kb8 18. Qe4 f5 19. Qxf5 Qh4 20. Rh1
Qe7 21. Qe5 Qg5+ 22. Qxg5 hxg5 23. Bf7 Bg7 24. Rxh8 Bxh8 25. c3 b5 26. Re1 1-0

[Event "6.Torneo de Promoción Almansa B 2011"]
[Site "Almansa (Albacete)"]
[Date "2011.08.11"]
[Round "4.3"]
[White "Gonzalez Lopez, Julian"]
[Black "Fernandez Cano, Victor"]
[Result "1-0"]
[WhiteElo "1948"]
[BlackElo "1766"]
[PlyCount "79"]
[EventDate "2011.08.09"]
[EventType "swiss"]
[EventRounds "9"]
[EventCountry "ESP"]
[Source "lmi"]
[SourceDate "2011.08.09"]

1. d4 Nf6 2. c4 e6 3. Nc3 Bb4 4. Bg5 d5 5. e3 O-O 6. Nf3 h6 7. Bh4 g5 8. Bg3
Ne4 9. Qb3 c5 10. a3 Qa5 11. Rc1 Bxc3+ 12. bxc3 cxd4 13. exd4 Nc6 14. cxd5 exd5
15. Bd3 g4 16. Bxe4 dxe4 17. Nd2 Be6 18. Qxb7 Rfc8 19. Qb2 Qd5 20. O-O f5 21.
Rfe1 Kf7 22. Nf1 Kg6 23. Ne3 Qb3 24. Qe2 Bf7 25. Nxf5 Kxf5 26. Qxe4+ Kf6 27.
Bh4+ Kg7 28. Qxg4+ Kh7 29. Bf6 Bg6 30. d5 Qxd5 31. Rcd1 Re8 32. Rxe8 Rxe8 33.
h4 Qf7 34. Rd7 Ne7 35. Bd4 Bf5 36. Qf4 Qe6 37. Rxa7 Rg8 38. Rxe7+ Qxe7 39.
Qxf5+ Rg6 40. h5 1-0

[Event "6.Torneo de Promoción Almansa B 2011"]
[Site "Almansa (Albacete)"]
[Date "2011.08.11"]
[Round "4.4"]
[White "Navarro Molina, Carmelo Jose"]
[Black "Montiel Miguelez, Manuel"]
[Result "1-0"]
[WhiteElo "1864"]
[BlackElo "1937"]
[PlyCount "99"]
[EventDate "2011.08.09"]
[EventType "swiss"]
[EventRounds "9"]
[EventCountry "ESP"]
[Source "lmi"]
[SourceDate "2011.08.09"]

1. d4 Nf6 2. c4 e6 3. g3 d5 4. Bg2 Be7 5. Nf3 Nbd7 6. Qc2 b6 7. cxd5 exd5 8.
Ne5 Nxe5 9. dxe5 Ne4 10. Qc6+ Bd7 11. Qxd5 Bb4+ 12. Nd2 Nxd2 13. Bxd2 c6 14.
Qd3 Qe7 15. Bxb4 Qxb4+ 16. Qd2 Qxd2+ 17. Kxd2 Rd8 18. Kc3 O-O 19. f4 Bg4 20.
Bf3 Bxf3 21. exf3 Rd5 22. Rad1 Rfd8 23. Rxd5 Rxd5 24. Re1 Rc5+ 25. Kd3 Rd5+ 26.
Ke2 Ra5 27. Rd1 Kf8 28. a3 Rb5 29. Rd2 Ke7 30. Ke3 a5 31. Ke4 Rb3 32. f5 c5 33.
f4 c4 34. Rc2 c3 35. bxc3 Rxa3 36. Rb2 Rxc3 37. Rxb6 Rc1 38. Rb7+ Ke8 39. Ra7
Ra1 40. Kd5 a4 41. Ke4 a3 42. Kf3 h5 43. Kg2 Kf8 44. e6 fxe6 45. fxe6 g6 46.
Kh3 Ra2 47. Kh4 Rxh2+ 48. Kg5 a2 49. Kf6 Kg8 50. e7 1-0

[Event "6.Torneo de Promoción Almansa B 2011"]
[Site "Almansa (Albacete)"]
[Date "2011.08.11"]
[Round "4.5"]
[White "Mercadal Benejam, Jose"]
[Black "Perez Garcia, Jose Miguel"]
[Result "0-1"]
[WhiteElo "1891"]
[BlackElo "1996"]
[PlyCount "112"]
[EventDate "2011.08.09"]
[EventType "swiss"]
[EventRounds "9"]
[EventCountry "ESP"]
[Source "lmi"]
[SourceDate "2011.08.09"]

1. g3 c5 2. Bg2 Nc6 3. c4 g6 4. Nc3 Bg7 5. Nf3 Nf6 6. O-O O-O 7. Rb1 d6 8. d3
Bd7 9. Bd2 Qc8 10. a3 a5 11. Re1 Bh3 12. Bh1 Bd7 13. Bg2 Rb8 14. Qc1 Bg4 15.
Bh6 Qf5 16. Bxg7 Kxg7 17. Ng5 h6 18. Nge4 Nxe4 19. Nxe4 Bh3 20. Bh1 Qd7 21. Nc3
h5 22. Nd5 h4 23. Nf4 hxg3 24. Nh5+ Kh7 25. Nxg3 Rh8 26. Qf4 Kg7 27. e4 Ne5 28.
Qd2 Qg4 29. f4 Nf3+ 30. Bxf3 Qxf3 31. Re2 a4 32. Rf2 Qg4 33. f5 gxf5 34. Rxf5
f6 35. Qf2 Qg6 36. Rf3 Bg4 37. Re3 Rh7 38. Nf1 Kf7 39. Rg3 Qh5 40. Re1 Rbh8 41.
e5 dxe5 42. Qxc5 Bh3 43. Qd5+ Be6 44. Qxb7 Qf5 45. Qe4 Qf4 46. Qxf4 exf4 47.
Rf3 Bf5 48. Rxf4 Bxd3 49. Rf2 Bxc4 50. Ne3 Rg7+ 51. Rg2 Rxg2+ 52. Kxg2 Ba6 53.
Rc1 Rb8 54. Rc2 Rb3 55. Nf5 Bd3 56. Nxe7 Bxc2 0-1